The environmental effects of trade

Saved in:
Bibliographic Details
Corporate Author: Organisation for Economic Co-operation and Development
Format: Book
Language:English
Published: Paris : Organisation for Economic Co-operation and Development, c1994
Subjects:
Tags: Add Tag
No Tags, Be the first to tag this record!

MARC

LEADER 00000nam a2200000 i 4500
001 1/3781
008 960424s1994 i eng d
020 |a 92-64-14094-8 
035 |l 10015341 
040 |a GR-MY-UA  |b gre  |e aacr 
041 0 |a eng 
245 1 4 |a The environmental effects of trade /  |c Organisation for Economic Co-operation and Development 
260 |a Paris :   |b Organisation for Economic Co-operation and Development,   |c c1994 
300 |a 206 p.;  |c 23 cm 
504 |a Includes bibliographical references 
650 0 0 |a International trade  |x Environmental aspects. 
650 0 0 |a Commercial policy  |x Environmental aspects. 
650 0 0 |a Environmental policy. 
710 2 |a Organisation for Economic Co-operation and Development. 
852 |a INST  |b LESVOS  |e 19960424  |h 382.1 ENV  |p 005100010585  |q 005100010585  |t BK  |y 0 
909 |a Λ  |b 035619